000 00315nam a2200121 a 4500
005 20140414132113.0
008 110805s19uu xx 00 eng d
050 _aER
_bWh556 1988
100 _aMoncure, Jane Belk
245 _aWhere is baby bear.
260 _aUSA :
_bThe Children's world,
_c1988.
999 _c114813
_d114813